O Algarve (Registo nº 867)

Detalhes MARC
000 -Etiqueta do registo
Cabeçalho 00522 m a2200229 i 4500
005 - Identificador da versão
Campo de controlo 20240813121817.0
035 ## - Other System Control Numbers
System Control Number 0000935
System Control Number 0000928
System Control Number 0000914
100 ## - Dados gerais de processamento
Dados gerais de processamento 20081029 m y0pory5003 ba
102 ## - Pais de publicação ou produção
País de publicação Portugal
101 0# - Língua de publicação
Língua do texto, banda sonora, etc. Português
215 ## - Descrição física 
Indicação específica da natureza do documento e extensão da espécie 227
200 1# - Titulo e menção de responsabilidade
Título próprio O Algarve
Primeira menção de responsabilidade J. Mimoso Barreto
225 2# - Colecção 
Título próprio da colecção Educativa
Indicação de volume 8
205 ## - Menção da edição
Menção da edição 1ª edição
210 ## - Publicação, Distribuição, etc. 
Lugar da edição, distribuição, etc. Lisboa
Nome do editor, distribuidor, etc. Ministério da Educação Nacional
Data da publicação, distribuição, etc. 1972
966 ## - Identificação da Biblioteca
Sigla NUMETECA
942 ## - Elementos de entrada adicionados (Koha)
Tipo de item no Koha Livro
Exemplares
Situação do levantamento Origin of item (home branch) (coded) Biblioteca de empréstimo Código de barras Circulation type (not for loan) Tipo de documento Nota do exemplar Damaged status
  Biblioteca Escolar Eng. Nuno Mergulhão Biblioteca Escolar Eng. Nuno Mergulhão BENM1167   Livro Sem mensagem